000 01014cab a2200229 4500
001 ##ABS52813
008 090401t1995 xxu||||| |||| 00| 0 eng d
035 _a(Sirsi) u307
041 0 _aeng
100 1 _aJerram, D.
245 0 0 _aSlagging match
260 _c1995
350 _a0
490 0 _aNew Civil Engineer
_v(1127) 11 May 1995, 25(1)
520 _aExamines the implications for contractors of "Rotherham MBC v Frank Haslam Milan and Co Ltd and another" (CA, Abs56154), where the slag used for landfill expanded causing damages, the remedial work for which cost £700,000. The case turned on the suitability of the material and knowledge available at the time.
520 _aThis item is no longer held by the RICS library but may be obtained via inter-library loan. Please ask Library staff for details.
650 2 4 _aROTHERHAM MBC V FRANK HASLAM MILAN AND CO LTD AND ANOTHER
651 4 _aENGLAND AND WAES
690 _aBUILT ENVIRONMENT-BUILDING MATERIALS
942 _n0
948 _c04/03/1997
999 _c117
_d117